00682 2200217 4500001002100000005001700021008004100038035002500079082001300104090002300117110004800140245003500188260005700223300003000280500004400310650004400354850001200398990001800410990001800428990001800446YOGYA-0209000004418620150420170658.0 ind  a0010-020900000044186 a348.9598 aRQ 348.9598bInd H aINDONESIA. [Undang-undang, Peraturan, dsb.] aHimpunan peraturan negara 1983 aJakartabSekretariat Negara Republik Indonesiac1983 a... triwulanbilusc30 cm aYang diterima : triwulan I, II, III, IV aIndonesia - Undang-undang dan peraturan aYOPDYOG a26694-PD/A.07 a26695-PD/A.07 a26696-PD/A.07